000 00836nam a22002297i 4500
999 _c23287
_d23287
003 AR-CdUCM
008 250428b20192019 pe||||| |||| 00| 0 eng d
040 _aMUNICIPALIDAD PROVINCIAL DEL CUSCO
_cBIBLIOTECA MUNICIPAL DEL CUSCO
041 _hspa
082 _aSI / 398.6 / C578
_bC578
100 _aChuquimamani Valer, Nonato R.
_951173
245 _aWatuchiykuna (adivinanzas) :
_bTiqsi muyuntinpi llapan runa simikunap watanpi rurasqa
260 _aSan Sebastian-Cusco :
_bAutor-Editor
_c2019
300 _a28 páginas. :
_bIlustraciones
_c16x10 cm.
650 _aImasmari, imasmari
_951174
700 _aArosilla Morales, Irma
_951175
700 _aChoque Valer, Victoria
_951176
700 _aAlosilla Morales, Carmen Gladis
_951177
700 _agaliano Garrido, Yoni
_951178
942 _2ddc
_cLIBROS
945 _apbjr
_d28-04-2025